00592 2200241 4500001002100000005001700021008004100038035002400079082001000103090002000113100001200133245002900145250001100174260003500185300002400220500002900244650001100273850001500284980001500299985000600314999001500320999001500335YOGYA-0209000003581020090227025044.0 ind  0010-020900000035810 a634.6 a634.6bSet BlT aSetiadi aBertanam duriancSetiadi aCet. 5 aJakartabPenebar Swadayac1990 a67 hlmbilusc21 cm aBibliografi : hlm. 66-67 aDurian aYOPDYOG(B) a01-12-2006 a2 aA000015864 aA000015865